000 00665nam a22002057a 4500
005 20230920122020.0
010 _aENG-138164
020 _a9789380831589
_c640.00
035 _aEN-121696
037 _bDBAD/PUB
082 _a621.381
100 _aKishore, S.
_957078
245 _aAnalog and Pulse Circuits /
_cBy S. Kishore; G. Amarnath and S. K. Hima Bindhu
260 _aHyderabad
_bM/s Sun Techno Publications
_c2022
270 _a326/C, Level-5, Near BK Guda Park, S R Nagar
_bHyderabad
_e500038
300 _a362
_c25cm(pbk)
700 _aAmarnath, G.
_956902
700 _aBindhu, S. K. Hima
_956977
942 _2ddc
_cEN
_h621.381
_mKIS
999 _c198383
_d198383